Calculus made easy : (Record no. 543858)

000 -LEADER
fixed length control field 00740pam a2200181 a 4500
020 ## - INTERNATIONAL STANDARD BOOK NUMBER
International Standard Book Number 0894901494 :
082 00 - DEWEY DECIMAL CLASSIFICATION NUMBER
Classification number 515.33
Author Mark CAT
-- L-1, P-12
100 1# - MAIN ENTRY--PERSONAL NAME
Personal name Thompson, Silvanus P.
9 (RLIN) 39197
245 10 - TITLE STATEMENT
Title Calculus made easy :
Remainder of title being a very-simplest introduction to those beautiful methods of reckoning which are generally called by the terrifying names of the differential calculus and the integral calculus /
Statement of responsibility, etc. by Silvanus P. Thompson.
250 ## - EDITION STATEMENT
Edition statement 1987 ed. /
260 ## - PUBLICATION, DISTRIBUTION, ETC.
Place of publication, distribution, etc. Hillside, N.J. :
Name of publisher, distributor, etc. Enslow Publishers,
Date of publication, distribution, etc. 1987.
300 ## - PHYSICAL DESCRIPTION
Extent xiii, 301 p. ;
Dimensions 18 cm.
500 ## - GENERAL NOTE
General note Reprint. Originally published: London : Macmillan, 1919.
526 ## - STUDY PROGRAM INFORMATION NOTE
Program name 0
Interest level 1
Reading level 0
Title point value 515_330000000000000_CAT
650 #0 - SUBJECT ADDED ENTRY--TOPICAL TERM
Topical term or geographic name entry element Calculus.
650 #0 - SUBJECT ADDED ENTRY--TOPICAL TERM
Topical term or geographic name entry element MCE
9 (RLIN) 379
942 ## - ADDED ENTRY ELEMENTS (KOHA)
Source of classification or shelving scheme
Koha item type Book
Holdings
Withdrawn status Lost status Source of classification or shelving scheme Damaged status Not for loan Permanent Location Current Location Date acquired Total Checkouts Total Renewals Full call number Barcode Date last seen Date last checked out Price effective from Koha item type
          Military College of Engineering (MCE) Military College of Engineering (MCE) 04/04/2014 1 1 515.33 CAT MCE-30115 01/19/2017 01/19/2017 04/04/2014 Book
© 2023 Central Library, National University of Sciences and Technology. All Rights Reserved.